[Event "38th Barczay Memorial 2019"]
[Site "Zalakaros"]
[Date "2019.05.23"]
[Round "1.1"]
[White "Palczert, Matyas"]
[Black "Horvath, Adam"]
[Result "0-1"]
[WhiteElo "2007"]
[BlackElo "2531"]
[Annotator "TA"]
[PlyCount "94"]
[EventDate "2019.05.23"]
[EventType "swiss"]
[EventCountry "HUN"]
[SourceTitle "playchess.com"]
[Source "ChessBase"]
[SourceQuality "1"]

{[%evp 11,94,31,44,28,49,10,18,22,42,-44,-37,-40,-49,-193,-202,-202,-201,-201,-196,-201,-183,-183,-191,-224,-230,-205,-230,-233,-233,-245,-245,-245,-252,-274,-282,-259,-226,-212,-198,-213,-191,-175,-156,-189,-120,-112,-120,-310,-263,-337,-335,-348,-333,-338,-333,-327,-332,-332,-332,-305,-305,-716,-710,-804,-727,-1589,-1058,-1663,-1594,-29955,-12840,-7500,-5314,-7743,-12302,-5277,-3185,-29965,-29968,-29972,-29973,-29971,-29972,-29939,-6483]} 1. e4 c5 2. Nf3 Nc6 3. d4 cxd4 4. Nxd4 e6 5. Nc3 Qc7 6. Be3 a6 7. Qf3 {B48: Sicilian: Taimanov: 5 Nc3 Qc7 6 Be3 a6 without Be2} (7. Bd3 Nf6 8. O-O Nxd4 9. Bxd4 Bc5 10. Bxc5 Qxc5 11. Na4 Qc7 12. c4 d6 13. Nc3 O-O 14. Be2 Rd8 15. Qd4 e5 16. Qe3 Be6 17. b3 Qc5 18. Qd3 Rac8 19. Rac1 {½-½ (35) Jakovenko,D (2719)-Harikrishna,P (2723) Shenzhen 2019}) 7... d6 8. O-O-O Bd7 9. g4 {The position is equal.} Rc8 10. Bg2 $146 (10. g5 $14) ({Predecessor:} 10. Qg3 Nxd4 11. Rxd4 b5 12. g5 Ne7 13. f4 d5 14. exd5 Nf5 15. Qf2 Bc5 16. Bd3 Nxe3 17. Qxe3 Qb6 18. Ne2 O-O 19. h4 exd5 20. f5 Rfe8 {0-1 (20) Fernando,D (2475)-Alonso,S (2491) Natal 2016}) 10... Ne5 $15 11. Qe2 Nc4 12. Nb1 (12. Rd3 $15) 12... e5 $19 13. Nf5 g6 14. b3 gxf5 $40 {[%mdl 128] Black goes for the king.} 15. Qxc4 Qxc4 16. bxc4 f4 ({Weaker is} 16... Rxc4 17. Nd2 $15) 17. Bd2 Bxg4 ({But not} 17... Rxc4 18. f3 $17) 18. f3 Be6 19. Bb4 Rxc4 20. Bxd6 Bxd6 21. Rxd6 Ne7 22. Kb2 Nc6 23. Nd2 {[#] Hoping for Rxe6+!} Rd4 24. Rxd4 Nxd4 25. c3 Nb5 26. Bf1 Rg8 27. a4 Nd6 (27... Na7 $19 28. Kc2 Bd7) 28. c4 $17 b6 {[#]} 29. Kc3 $2 (29. c5 $1 $17 {[%mdl 512]} bxc5 30. Bxa6) 29... Kd7 30. Bd3 Nb7 31. Nb3 a5 32. Rd1 Kc7 33. c5 Nxc5 34. Nxc5 bxc5 $19 {[%mdl 4096] Endgame KRB-KRB} 35. Rb1 Rb8 36. Rxb8 $2 (36. Bb5) 36... Kxb8 {KB-KB} 37. Bc2 Kc7 38. Kd2 Bc4 39. Bd1 Kd6 40. Bc2 Ba2 41. Kc3 c4 42. Bd1 Kc5 43. Be2 Bb3 44. h4 f6 {Black mates.} 45. h5 h6 46. Bf1 Bxa4 47. Bxc4 Bd1 {Accuracy: White = 30%, Black = 93%.} 0-1

[Event "38th Barczay Memorial 2019"]
[Site "Zalakaros"]
[Date "2019.05.23"]
[Round "1.2"]
[White "Kantor, Gergely"]
[Black "Csendi, Balazs"]
[Result "1-0"]
[WhiteElo "2516"]
[BlackElo "2005"]
[Annotator "RC"]
[PlyCount "71"]
[EventDate "2019.05.23"]
[EventType "swiss"]
[EventCountry "HUN"]
[SourceTitle "playchess.com"]
[Source "ChessBase"]
[SourceQuality "1"]
[TimeControl "40/5400+30:1800+30"]

1. d4 {[%emt 0:00:03]} e6 {[%emt 0:00:12]} 2. c4 {[%emt 0:00:12]} Nf6 {[%emt 0:00:14]} 3. Nf3 {[%emt 0:00:13]} c5 {[%emt 0:00:48]} 4. d5 {[%emt 0:00:18]} exd5 {[%emt 0:00:21]} 5. cxd5 {[%emt 0:00:07]} d6 {[%emt 0:00:18]} 6. Nc3 {[%emt 0:00:04]} a6 {[%emt 0:00:39]} 7. a4 {[%emt 0:00:36]} g6 {[%emt 0:01:35]} 8. Nd2 {[%emt 0:00:11]} Bg7 {[%emt 0:00:53]} 9. e4 {[%emt 0:00:05]} O-O {[%emt 0:01:42]} 10. Be2 {[%emt 0:00:03]} Nbd7 {[%emt 0:07:14]} 11. O-O {[%emt 0:04:44]} Ne5 {[%emt 0:08:12]} 12. f4 {[%emt 0:13:15]} Neg4 {[%emt 0:19:15]} 13. Nc4 {[%emt 0:07:50]} h5 {[%emt 0:03:04]} 14. h3 {[%emt 0:04:02]} Nh6 15. f5 {[%emt 0:12:22]} Ne8 {[%emt 0:09:47]} 16. Bf4 Kh7 {[%emt 0:07:29]} 17. Qd2 {[%emt 0:02:26]} gxf5 {[%emt 0:04:10]} 18. Bxh5 {[%emt 0:03:18]} Bd4+ {[%emt 0:02:51]} 19. Kh1 {[%emt 0:01:48]} Ng8 {[%emt 0:03:05]} 20. e5 {[%emt 0:02:29]} dxe5 {[%emt 0:01:58]} 21. Nxe5 {[%emt 0:00:42]} Nd6 {[%emt 0:00:47]} 22. Nf3 {[%emt 0:05:16]} Nf6 {[%emt 0:03:15]} 23. Ng5+ {[%emt 0:02:32]} Kg8 24. Bf3 Nh7 {[%emt 0:05:05]} 25. Rae1 {[%emt 0:08:50]} Nc4 {[%emt 0:02:18]} 26. Qc1 {[%emt 0:12:17]} Nxb2 {[%emt 0:09:43]} 27. Be2 {[%emt 0:04:21]} Bxc3 {[%emt 0:00:40]} 28. Qxc3 {[%emt 0:04:15]} Nxg5 29. Qg3 f6 {[%emt 0:01:38]} 30. h4 {[%emt 0:00:38]} Qxd5 {[%emt 0:02:33]} 31. hxg5 {[%emt 0:00:29]} Rf7 {[%emt 0:02:20]} 32. g6 {[%emt 0:04:43]} Re7 {[%emt 0:01:37]} 33. Bf3 {[%emt 0:00:52]} Qd8 {[%emt 0:00:22]} 34. Rxe7 {[%emt 0:02:38]} Qxe7 {[%emt 0:00:06]} 35. Bd5+ {[%emt 0:01:02]} Be6 {[%emt 0:00:51]} 36. Re1 {[%emt 0:00:28]} 1-0

[Event "38th Barczay Memorial 2019"]
[Site "Zalakaros"]
[Date "2019.05.23"]
[Round "1.3"]
[White "Toth, Nikoletta"]
[Black "Bokros, Albert"]
[Result "0-1"]
[WhiteElo "1997"]
[BlackElo "2461"]
[Annotator "TA"]
[PlyCount "142"]
[EventDate "2019.05.23"]
[EventType "swiss"]
[EventCountry "HUN"]
[SourceTitle "playchess.com"]
[Source "ChessBase"]
[SourceQuality "1"]

{[%evp 23,142,28,41,-13,-12,-15,-14,-11,0,-12,4,-13,0,-17,-17,-16,-19,-17,-13,-20,-4,-23,-18,-41,-30,-42,-43,-59,-47,-83,-77,-73,-71,-91,-34,-37,-40,-28,-34,-51,0,0,0,-21,0,0,0,0,0,0,0,-122,-129,-153,-108,-98,-100,-113,-63,-90,-68,-68,-50,-47,-9,-9,-9,-39,0,0,0,0,0,0,0,0,0,0,0,0,-2,-8,0,-57,-51,-52,-52,-716,-716,-705,-702,-664,-664,-495,-467,-644,-68,-68,-68,-68,-68,-72,-72,-72,-72,-72,-68,-72,-68,-72,-72,-74,-74,-29968,-76,-29968,-29969,-29990,-29991,-29998,-29999]} 1. d4 e6 2. Bf4 Nf6 3. e3 b6 4. Nf3 Bb7 5. Bd3 Be7 6. h3 c5 7. c3 O-O 8. O-O d6 9. Nbd2 cxd4 10. exd4 Nbd7 11. Qe2 a6 12. Rfe1 Re8 13. Ne4 {A47: 1 d4 Nf6 2 Nf3 b6: Torre, London and Colle Systems} ({Better is} 13. Nc4 $14) 13... Nxe4 $11 14. Bxe4 Bxe4 15. Qxe4 {The position is equal.} Nf6 (15... b5 16. Qd3 Nb6 17. Nd2 d5 18. a3 Qc8 19. Nf3 Qc4 20. Qc2 Nd7 {½-½ (40) Sarana,A (2433)-Kveinys,A (2509) Riga 2016}) 16. Qe2 h6 $146 ({Predecessor:} 16... b5 17. g4 Rc8 18. Nd2 Nd5 19. Bg3 {½-½ (36) Shih Ferreira,Y (1384)-Espindola,M (1642) Montevideo 2018}) 17. Bh2 Qd7 18. Red1 b5 19. Ne1 a5 20. Nd3 Rec8 21. a3 Qc6 22. Rac1 Ra7 23. f3 Rb7 24. Qd2 Nd5 25. Qf2 Bf6 26. Bf4 Nxf4 27. Nxf4 Bg5 28. Qg3 Kh8 (28... Qb6 $17) 29. h4 $15 Bxf4 30. Qxf4 Rbc7 31. Kh2 Kg8 ({Black should try} 31... Qd7 $15) 32. d5 $11 exd5 33. Qd4 Re7 34. Qxd5 Re2 35. b3 Rb2 36. b4 a4 37. Qxd6 (37. Kg3 $11) 37... Qxf3 $1 $17 {[%csl Gb2][%cal Rf3g2]} 38. Rd2 Rxd2 39. Qxd2 {[%mdl 4096] Endgame KQR-KQR} Qe4 40. g3 Re8 41. Rc2 Qc4 42. Qd4 {Threatening Qxc4.} Qb3 43. Rf2 Rf8 44. Qc5 Qxa3 45. Qxb5 Qxc3 46. Qxa4 Qe1 47. Kg2 Qe4+ 48. Kh2 Qd4 49. Kg2 Qd5+ 50. Kh2 Rb8 (50... Ra8 $5 51. Qc2 $8 Qb7 $11) 51. Rb2 Qd4 $36 {[%mdl 2048] Black is pushing.} 52. Qb3 Rc8 53. Rg2 (53. Re2 $11) 53... Rc1 54. b5 Qe4 55. b6 $2 {[%mdl 8192]} (55. Qa2 $15) 55... Qe1 $1 $19 {[%csl Gc1][%cal Re1h1]} 56. Kh3 Qh1+ $1 57. Rh2 Qf1+ 58. Rg2 Rb1 59. Qc3 Rxb6 $2 (59... h5 $1 $19 60. Qc5 g6 61. Qc8+ Kh7) 60. Qc8+ $15 Kh7 61. Qc2+ g6 {Hoping for ...Rb1.} 62. Qf2 Qh1+ 63. Rh2 Qb7 64. Rg2 Rb1 {Strongly threatening ...Rh1+.} 65. Kh2 h5 66. Qf4 Kg8 {aiming for ...Ra1.} 67. Qe3 Qa8 68. Rg1 $2 {[%mdl 8192]} (68. Qe2 $17) 68... Qa2+ $2 (68... Rb2+ {mates} 69. Kh3 Qc8+ 70. g4 Qc7 71. gxh5 Rh2+ 72. Kg4 Qd7+ 73. Kf3 Qh3+ 74. Rg3 Qf5+ {[%mdl 64] Double Attack} 75. Qf4 Qd5+ 76. Ke3 Qd2+ 77. Ke4 f5+ $1 {[%mdl 512]} 78. Ke5 Re2+ 79. Re3 Rxe3+ 80. Kf6 Re6+ $1 {[%mdl 576] Discovered Attack} 81. Kxe6 Qxf4 82. hxg6 Qe4+ 83. Kd6 f4 84. h5 f3 85. h6 Qxg6+ 86. Ke5 Qxh6 87. Kd5 f2 88. Kd4 f1=Q 89. Kc3 Qf3+ 90. Kd4 Qd6+ 91. Kc4 Qfd3#) 69. Kh3 $2 {[%mdl 8192] [#]} (69. Rg2 $17 Qa8 70. Qd3) 69... Rb2 $1 {[%csl Ga2][%cal Rb2h2] Black mates.} 70. Qe8+ Kh7 {[%csl Ga2][%cal Rb2h2]} 71. g4 Rh2+ 0-1

[Event "38th Barczay Memorial 2019"]
[Site "Zalakaros"]
[Date "2019.05.23"]
[Round "1.4"]
[White "Varga, Zoltan"]
[Black "Pasti, Anna"]
[Result "1-0"]
[WhiteElo "2457"]
[BlackElo "1977"]
[Annotator "RC"]
[PlyCount "57"]
[EventDate "2019.05.23"]
[EventType "swiss"]
[EventCountry "HUN"]
[SourceTitle "playchess.com"]
[Source "ChessBase"]
[SourceQuality "1"]
[TimeControl "40/5400+30:1800+30"]

1. c4 {[%emt 0:00:02]} e5 {[%emt 0:00:08]} 2. Nf3 {[%emt 0:00:04]} Nc6 {[%emt 0:00:15]} 3. Nc3 {[%emt 0:00:04]} Nf6 {[%emt 0:00:10]} 4. d4 {[%emt 0:00:05]} exd4 {[%emt 0:00:29]} 5. Nxd4 {[%emt 0:00:03]} d5 {[%emt 0:00:36]} 6. Nxc6 {[%emt 0:01:35]} bxc6 {[%emt 0:00:24]} 7. g3 {[%emt 0:00:01]} d4 {[%emt 0:12:24]} 8. Na4 {[%emt 0:02:30]} Ne4 {[%emt 0:02:41]} 9. a3 {[%emt 0:00:39]} Qf6 {[%emt 0:01:42]} 10. f4 {[%emt 0:07:05]} a5 {[%emt 0:17:54]} 11. Bg2 {[%emt 0:03:32]} Nc5 {[%emt 0:03:55]} 12. e4 {[%emt 0:07:59]} dxe3 {[%emt 0:06:43]} 13. Bxe3 {[%emt 0:01:08]} Qe6 {[%emt 0:04:10]} 14. Kf2 {[%emt 0:00:44]} Ne4+ {[%emt 0:06:05]} 15. Kg1 {[%emt 0:19:25]} Nc3 {[%emt 0:10:35]} 16. Qf3 {[%emt 0:01:04]} Nxa4 {[%emt 0:01:19]} 17. Qxc6+ {[%emt 0:01:49]} Kd8 {[%emt 0:03:00]} 18. Qxe6 {[%emt 0:01:36]} Bxe6 {[%emt 0:00:14]} 19. Bxa8 {[%emt 0:00:40]} Nxb2 {[%emt 0:00:44]} 20. c5 {[%emt 0:00:21]} Kc8 {[%emt 0:06:55]} 21. Kg2 {[%emt 0:00:40]} Nd3 {[%emt 0:02:05]} 22. Rab1 {[%emt 0:01:39]} Nxc5 {[%emt 0:01:32]} 23. Rhd1 {[%emt 0:02:47]} Nd7 {[%emt 0:06:01]} 24. Bb7+ {[%emt 0:04:35]} Kd8 {[%emt 0:00:08]} 25. Be4 {[%emt 0:01:47]} Bd6 {[%emt 0:00:38]} 26. Bd5 {[%emt 0:03:31]} Ke7 {[%emt 0:01:02]} 27. Bxe6 {[%emt 0:00:16]} Kxe6 {[%emt 0:00:13]} 28. Re1 {[%emt 0:00:48]} Kf6 {[%emt 0:00:20]} 29. Rb5 {[%emt 0:00:28]} 1-0

[Event "38th Barczay Memorial 2019"]
[Site "Zalakaros"]
[Date "2019.05.23"]
[Round "1.5"]
[White "Stifter, Ewald"]
[Black "Horvath, Jozsef"]
[Result "0-1"]
[WhiteElo "1977"]
[BlackElo "2451"]
[Annotator "TA"]
[PlyCount "72"]
[EventDate "2019.05.23"]
[EventType "swiss"]
[EventCountry "HUN"]
[SourceTitle "playchess.com"]
[Source "ChessBase"]
[SourceQuality "1"]

{[%evp 18,72,45,37,45,16,27,26,49,42,53,29,65,55,54,50,76,32,36,39,49,45,79,29,42,35,29,23,37,-8,0,0,0,0,0,0,0,-94,-87,-102,-89,-101,-66,-114,-59,-178,-211,-643,-636,-612,-584,-2102,-2091,-1437,-1624,-1586,-985]} 1. Nf3 g6 2. g3 Bg7 3. d4 d6 4. Bg2 Nf6 5. O-O O-O 6. Nc3 Na6 7. e4 c5 8. h3 cxd4 9. Nxd4 Nc5 10. Be3 Bd7 {B07: Pirc Defence: Miscellaneous Systems} 11. Nb3 {aiming for e5!} Nxb3 (11... Na4 12. Nxa4 Bxa4 13. Nd4 Bd7 14. Qd3 Rc8 15. c4 Qa5 16. Rfd1 Rfd8 17. a3 a6 18. Rac1 {0-1 (54) Kacheishvili,G (2600)-Kotronias,V (2607) Tripoli 2004}) 12. axb3 Qb8 {White has an edge.} 13. Qd2 $146 ({Predecessor:} 13. Ra2 Rc8 14. g4 Bc6 15. f4 b6 16. f5 Qb7 17. Nd5 Bxd5 18. exd5 {½-½ (46) Javakhadze,Z (2423)-Yurtseven,M (2271) Kocaeli 2014}) 13... Re8 14. Ra2 Bc6 15. Rfa1 {[%cal Re3a7]} a6 16. b4 Qc8 17. Nd5 (17. b5 $5 {[%cal Rb5c6]} Bd7 18. h4 $14) 17... Nxd5 18. exd5 Bd7 19. Kh2 e5 20. c3 Qd8 21. c4 Rc8 22. c5 Bb5 23. Rc1 e4 24. Bf1 Bxf1 25. Rxf1 Be5 26. Raa1 h5 27. f4 (27. Rac1 $11 {remains equal.}) 27... exf3 $1 $17 28. Rxf3 h4 29. Bf4 hxg3+ 30. Bxg3 dxc5 (30... Bxg3+ $17 31. Rxg3 Re5) 31. Raf1 {[#]} (31. d6 $1 $15 Bxg3+ 32. Rxg3) 31... Qd6 $1 $19 32. Rxf7 $2 (32. Bxe5 Rxe5 33. Qf4) 32... Bxg3+ {Black is clearly winning.} 33. Kg1 Rf8 34. R1f6 {Black must now prevent Rxf8+.} Rxf7 35. Rxd6 Bxd6 36. Qg5 cxb4 {Accuracy: White = 38%, Black = 55%.} 0-1

[Event "38th Barczay Memorial 2019"]
[Site "Zalakaros"]
[Date "2019.05.23"]
[Round "1.6"]
[White "Bagi, Mate"]
[Black "Kolimar, Kristof Pal"]
[Result "1-0"]
[WhiteElo "2450"]
[BlackElo "1971"]
[Annotator "TA"]
[PlyCount "33"]
[EventDate "2019.05.23"]
[EventType "swiss"]
[EventCountry "HUN"]
[SourceTitle "playchess.com"]
[Source "ChessBase"]
[SourceQuality "1"]

{[%evp 16,33,24,24,132,122,187,192,455,458,469,411,459,455,633,546,1110,1063,2151,1995]} 1. e4 c5 2. Nf3 e6 3. d4 cxd4 4. Nxd4 a6 5. Be2 Qc7 6. O-O Nc6 7. Nc3 b5 8. Nxc6 dxc6 9. a4 {[%cal Ra4b5]} Bb7 {B47: Sicilian: Taimanov: 5 Nc3 Qc7 6 f4, 6 g3 and 6 Be2} (9... b4 $11 10. Nb1 Bc5) (9... b4 10. Nb1 Nf6 11. Nd2 Bd6 12. Kh1 Bxh2 13. g3 Bxg3 14. fxg3 Qxg3 15. Qe1 Qh3+ 16. Kg1 Ng4 17. Nf3 {1-0 (34) Navara,D (2725)-Movsesian,S (2673) Prague 2016}) 10. axb5 $16 cxb5 {[#]} (10... Rd8 $16 11. b6 (11. bxa6 Rxd1 12. Rxd1 Ba8 $17) 11... Qxb6) 11. Nxb5 $1 $18 {[%mdl 512]} axb5 $2 (11... Qe5 {was worth a try.}) 12. Bxb5+ Ke7 13. Rxa8 Bxa8 {[#]} 14. Qd4 $146 {White is clearly winning.} ({Not} 14. Bg5+ f6 $11) ({Predecessor:} 14. Qd3 Qd6 15. Qe3 Qe5 16. Qa3+ Kf6 17. Qxf8 Qxe4 18. f3 Qxc2 19. Qd8+ {1-0 (19) Lintchevski,D (2522)-Sutormin,D (2363) St Petersburg 2016}) 14... Nf6 15. Rd1 {White wants to mate with Qb4+.} Nxe4 {[#]} 16. Bf4 $1 {[%cal Rf4c7][%mdl 512]} Qa5 (16... Qxf4 17. Qd8#) 17. b4 1-0

[Event "38th Barczay Memorial 2019"]
[Site "Zalakaros"]
[Date "2019.05.23"]
[Round "1.7"]
[White "Balogh, Marton"]
[Black "Czebe, Attila"]
[Result "0-1"]
[WhiteElo "1963"]
[BlackElo "2427"]
[Annotator "RC"]
[PlyCount "90"]
[EventDate "2019.05.23"]
[EventType "swiss"]
[EventCountry "HUN"]
[SourceTitle "playchess.com"]
[Source "ChessBase"]
[SourceQuality "1"]
[TimeControl "40/5400+30:1800+30"]

1. e4 {[%emt 0:00:08]} d6 {[%emt 0:00:13]} 2. d4 {[%emt 0:00:23]} g6 {[%emt 0:00:03]} 3. Nc3 {[%emt 0:00:23]} a6 {[%emt 0:00:04]} 4. f4 {[%emt 0:00:57]} b5 {[%emt 0:00:04]} 5. Nf3 {[%emt 0:02:19]} Bb7 {[%emt 0:00:04]} 6. Bd3 {[%emt 0:01:29]} c5 {[%emt 0:03:10]} 7. dxc5 {[%emt 0:17:44]} dxc5 {[%emt 0:00:22]} 8. O-O {[%emt 0:01:04]} c4 {[%emt 0:08:00]} 9. Be2 {[%emt 0:03:19]} Nd7 {[%emt 0:00:22]} 10. Be3 {[%emt 0:01:22]} Bg7 {[%emt 0:00:39]} 11. Bd4 {[%emt 0:03:45]} Bxd4+ {[%emt 0:04:43]} 12. Qxd4 {[%emt 0:00:31]} Qb6 {[%emt 0:00:26]} 13. Rad1 {[%emt 0:03:05]} Ngf6 {[%emt 0:03:31]} 14. e5 {[%emt 0:05:32]} Ng4 {[%emt 0:11:42]} 15. Qxb6 {[%emt 0:04:58]} Nxb6 {[%emt 0:02:12]} 16. Rd4 {[%emt 0:02:47]} Ne3 {[%emt 0:01:08]} 17. Rc1 {[%emt 0:00:53]} O-O {[%emt 0:04:13]} 18. Kf2 {[%emt 0:04:08]} Nf5 {[%emt 0:02:33]} 19. Rd2 {[%emt 0:00:51]} b4 {[%emt 0:02:54]} 20. Nd1 {[%emt 0:13:50]} Nd5 {[%emt 0:03:46]} 21. Bxc4 {[%emt 0:03:10]} Nxf4 {[%emt 0:01:14]} 22. Ne3 {[%emt 0:01:15]} e6 {[%emt 0:01:03]} 23. Nxf5 {[%emt 0:02:21]} gxf5 {[%emt 0:00:06]} 24. Rd4 {[%emt 0:02:07]} Ng6 {[%emt 0:00:16]} 25. Re1 {[%emt 0:02:10]} Rfd8 {[%emt 0:00:17]} 26. Rd6 {[%emt 0:03:52]} Kg7 {[%emt 0:04:16]} 27. Red1 {[%emt 0:02:31]} Rdc8 {[%emt 0:00:32]} 28. Bb3 {[%emt 0:09:48]} Bxf3 {[%emt 0:02:39]} 29. gxf3 {[%emt 0:00:01]} a5 {[%emt 0:00:54]} 30. Rd7 {[%emt 0:05:51]} Nxe5 {[%emt 0:00:23]} 31. Rb7 {[%emt 0:00:21]} Kf6 {[%emt 0:01:55]} 32. f4 {[%emt 0:00:53]} Ng4+ {[%emt 0:00:06]} 33. Ke2 {[%emt 0:01:06]} a4 {[%emt 0:01:13]} 34. Rdd7 {[%emt 0:00:06]} Nh6 {[%emt 0:00:16]} 35. Bxe6 {[%emt 0:01:03]} Re8 {[%emt 0:00:36]} 36. Rxb4 {[%emt 0:00:31]} Rxe6+ {[%emt 0:00:21]} 37. Kd3 {[%emt 0:00:54]} Ng4 {[%emt 0:00:23]} 38. Rbb7 {[%emt 0:00:34]} Kg6 {[%emt 0:01:08]} 39. Rxf7 {[%emt 0:00:44]} Nf6 {[%emt 0:00:06]} 40. Rg7+ {[%emt 0:00:00]} Kh6 {[%emt 0:00:00]} 41. c4 {[%emt 0:03:39]} a3 {[%emt 0:04:28]} 42. b4 {[%emt 0:01:07]} Rd8+ {[%emt 0:00:33]} 43. Kc2 {[%emt 0:02:04]} Rd4 {[%emt 0:00:45]} 44. Kc3 {[%emt 0:04:06]} Rxf4 {[%emt 0:01:35]} 45. Rge7 {[%emt 0:00:39]} Rc6 {[%emt 0:01:36]} 0-1

[Event "38th Barczay Memorial 2019"]
[Site "Zalakaros"]
[Date "2019.05.23"]
[Round "1.8"]
[White "Gschnitzer, Adrian"]
[Black "Reitinger, Petr"]
[Result "1-0"]
[WhiteElo "2419"]
[BlackElo "1958"]
[Annotator "NA RC"]
[PlyCount "53"]
[EventDate "2019.05.23"]
[EventType "swiss"]
[EventCountry "HUN"]
[SourceTitle "playchess.com"]
[Source "ChessBase"]
[SourceQuality "1"]
[TimeControl "40/5400+30:1800+30"]

1. e4 {[%emt 0:00:03]} Nf6 {[%emt 0:00:08]} 2. e5 {[%emt 0:00:08]} Nd5 {[%emt 0:00:06]} 3. d4 {[%emt 0:00:09]} d6 {[%emt 0:00:07]} 4. c4 {[%emt 0:00:06]} Nb6 {[%emt 0:00:06]} 5. exd6 {[%emt 0:00:10]} cxd6 {[%emt 0:00:06]} 6. Nc3 {[%emt 0:00:16]} g6 {[%emt 0:00:05]} 7. Be3 {[%emt 0:00:16]} Bg7 {[%emt 0:00:05]} 8. Rc1 {[%emt 0:00:16]} O-O {[%emt 0:00:19]} 9. b3 {[%emt 0:00:27]} Nc6 {[%emt 0:00:30]} 10. d5 {[%emt 0:01:42]} Ne5 {[%emt 0:01:51]} 11. Be2 $14 {[%emt 0:04:06]} f5 {[%emt 0:03:51]} 12. f4 {[%emt 0:00:11]} Ng4 {[%emt 0:00:43]} 13. Bxg4 {[%emt 0:00:10]} fxg4 {[%emt 0:00:08]} 14. Nge2 {[%emt 0:00:59]} Nd7 {[%emt 0:11:14]} 15. O-O {[%emt 0:02:36]} Nf6 {[%emt 0:00:15]} 16. Nd4 {[%emt 0:03:15]} g3 {[%emt 0:04:21]} 17. h3 {[%emt 0:01:31]} Ng4 {[%emt 0:18:28]} 18. hxg4 {[%emt 0:01:29]} Bxd4 {[%emt 0:01:11]} 19. Bxd4 {[%emt 0:02:36]} e5 {[%emt 0:00:30]} 20. fxe5 {[%emt 0:02:50]} Rxf1+ {[%emt 0:02:06]} 21. Qxf1 {[%emt 0:01:32]} Qh4 {[%emt 0:00:39]} 22. Qf4 {[%emt 0:01:19]} Bf5 {[%emt 0:09:04]} 23. e6 {[%emt 0:07:13]} Rf8 {[%emt 0:28:04]} 24. e7 {[%emt 0:00:35]} Qh2+ {[%emt 0:09:37]} 25. Kf1 {[%emt 0:00:03]} Qh1+ {[%emt 0:02:04]} 26. Ke2 {[%emt 0:02:10]} Bxg4+ {[%emt 0:02:41]} 27. Kd3 {[%emt 0:00:30]} 1-0

[Event "38th Barczay Memorial 2019"]
[Site "Zalakaros"]
[Date "2019.05.23"]
[Round "1.9"]
[White "Fultner, Jaromir"]
[Black "Almasi, Istvan"]
[Result "0-1"]
[WhiteElo "1952"]
[BlackElo "2407"]
[Annotator "TA"]
[PlyCount "74"]
[EventDate "2019.05.23"]
[EventType "swiss"]
[EventCountry "HUN"]
[SourceTitle "playchess.com"]
[Source "ChessBase"]
[SourceQuality "1"]

{[%evp 10,74,27,27,25,26,21,8,11,11,16,-34,-18,-11,-10,-39,0,-8,0,0,0,0,11,-13,-5,-41,-34,-34,-35,-57,-64,-55,-56,-95,-96,-104,-104,-107,-110,-118,-115,-117,-119,-150,-154,-174,-157,-152,0,-180,-180,-216,-217,-213,-209,-206,-200,-212,-180,-171,-141,-135,-137,-284,-284,-272,-275]} 1. e4 d6 2. d4 Nf6 3. Nc3 g6 4. Nf3 Bg7 5. Bd3 O-O 6. O-O a6 {B08: Pirc Defence: Classical System} (6... Na6 7. h3 e5 8. Re1 {½-½ (8) Godena,M (2449)-Kulaots,K (2544) Skopje 2019}) 7. a4 Nc6 8. h3 e5 {The position is equal.} 9. d5 Nb4 $146 ({Predecessor:} 9... Ne7 10. Bg5 h6 11. Bxf6 Bxf6 12. a5 Bg7 13. Na4 f5 {1-0 (34) Hadraba,V (2193)-Cernik,L (2184) Czechia 2007}) 10. Ne2 Nbxd5 11. exd5 {Black must now prevent Nc3.} e4 {[%mdl 64] [#] Double Attack} 12. Ng3 exd3 13. Qxd3 Bd7 14. Be3 b5 15. axb5 axb5 16. c3 Qc8 17. Bg5 Qb7 18. Bxf6 Bxf6 19. Rfe1 b4 20. Ne4 Bg7 21. Qd2 bxc3 22. bxc3 {[#]} Rxa1 $1 23. Rxa1 Qb3 24. Rc1 Qc4 25. Ng3 Re8 26. Kh2 h6 27. Rc2 Ba4 28. Rc1 Bd7 29. Rc2 $1 Bc8 30. Ne2 Bf5 31. Rb2 Be4 32. Qe3 Qxd5 33. Ng3 Qa8 34. Nxe4 Qxe4 35. Qxe4 Rxe4 36. Rb4 (36. Rb8+ $17 Kh7 37. Rd8) 36... Rxb4 $19 37. cxb4 Kf8 {Accuracy: White = 34%, Black = 78%.} 0-1

[Event "38th Barczay Memorial 2019"]
[Site "Zalakaros"]
[Date "2019.05.23"]
[Round "1.10"]
[White "Persanyi, Barnabas"]
[Black "Szasz, Ferenc"]
[Result "1-0"]
[WhiteElo "2404"]
[BlackElo "1950"]
[Annotator "RC"]
[PlyCount "67"]
[EventDate "2019.05.23"]
[EventType "swiss"]
[EventCountry "HUN"]
[SourceTitle "playchess.com"]
[Source "ChessBase"]
[SourceQuality "1"]
[TimeControl "40/5400+30:1800+30"]

1. Nf3 {[%emt 0:00:23]} c6 {[%emt 0:00:14]} 2. g3 {[%emt 0:00:59]} d5 {[%emt 0:00:12]} 3. Bg2 {[%emt 0:00:09]} Bf5 {[%emt 0:00:35]} 4. O-O {[%emt 0:01:00]} Nf6 {[%emt 0:00:18]} 5. d3 {[%emt 0:01:24]} e6 {[%emt 0:00:29]} 6. Nh4 {[%emt 0:01:55]} Be7 {[%emt 0:00:19]} 7. Nxf5 {[%emt 0:01:26]} exf5 {[%emt 0:00:16]} 8. Nd2 {[%emt 0:03:40]} h5 {[%emt 0:03:33]} 9. Nf3 {[%emt 0:03:43]} Na6 {[%emt 0:00:36]} 10. c4 {[%emt 0:04:39]} dxc4 {[%emt 0:02:30]} 11. dxc4 {[%emt 0:00:17]} Qxd1 {[%emt 0:00:21]} 12. Rxd1 {[%emt 0:00:06]} O-O {[%emt 0:01:01]} 13. Bg5 {[%emt 0:06:09]} Rad8 {[%emt 0:00:17]} 14. Nd4 {[%emt 0:17:24]} g6 {[%emt 0:00:18]} 15. e4 {[%emt 0:06:46]} fxe4 {[%emt 0:00:28]} 16. Bxe4 {[%emt 0:00:17]} Nc5 {[%emt 0:00:13]} 17. Bf3 {[%emt 0:02:04]} Kg7 {[%emt 0:00:21]} 18. h4 {[%emt 0:02:57]} Ng8 {[%emt 0:08:17]} 19. Be3 {[%emt 0:01:37]} a6 {[%emt 0:03:15]} 20. Bxh5 {[%emt 0:01:20]} Na4 {[%emt 0:07:30]} 21. Be2 {[%emt 0:07:35]} Bf6 {[%emt 0:01:38]} 22. Rab1 {[%emt 0:04:14]} c5 {[%emt 0:03:40]} 23. Nf3 {[%emt 0:03:30]} Nxb2 {[%emt 0:05:58]} 24. Rxd8 {[%emt 0:02:33]} Rxd8 {[%emt 0:00:23]} 25. Bxc5 {[%emt 0:02:25]} Rc8 {[%emt 0:00:20]} 26. Bd4 {[%emt 0:01:03]} Nxc4 {[%emt 0:00:34]} 27. Rxb7 {[%emt 0:00:43]} a5 {[%emt 0:08:13]} 28. Bxc4 {[%emt 0:02:34]} Rxc4 {[%emt 0:00:04]} 29. Ng5 {[%emt 0:00:51]} Ne7 {[%emt 0:02:43]} 30. Ne6+ {[%emt 0:00:36]} Kg8 {[%emt 0:09:35]} 31. Bxf6 {[%emt 0:00:25]} fxe6 {[%emt 0:03:33]} 32. Rxe7 {[%emt 0:00:08]} Ra4 {[%emt 0:00:06]} 33. a3 {[%emt 0:00:56]} Rxa3 {[%emt 0:00:17]} 34. Rg7+ {[%emt 0:00:10]} 1-0